Top 20 Marvel Films - Statistics

General Stats
  • This quiz has been taken 47 times
  • The average score is 17 of 20
Answer Stats
Hint Answer % Correct
Robert Downey Jr./2008/Start of the MCU Iron Man
100%
Lizard/Andrew Garfield/Captain Stacy Dies Amazing Spider-Man
98%
Beat Avatar/"I Am Iron Man"/Die Hard Avengers: Endgame
98%
Green Goblin/Wrestling Robber/Uncle Ben Dies Spider-Man
98%
Yellow Jacket/Civil War Clips/Vulture Spider-Man: Homecoming
98%
Thanos Snap/Stormbreaker/"Mother" Avengers: Infinity War
95%
Bucky Returns/"On Your Left"/Falcon Captain America: The Winter Soldier
95%
Loki Attacks/"We Have A Hulk"/Nick Fury The Avengers
95%
Gwen Dies/College/Electro Amazing Spider-Man 2
88%
Tommy Lee Jones/Tesseract/Skinny Steve Captain America: The First Avenger
88%
Edward Norton/Liv Tyler/Abomination The Incredible Hulk
88%
Hela/No More Hammer/Odin Dies Thor: Ragnarok
88%
Mysterio/Talos is Fury/Night Monkey Spider-Man: Far From Home
85%
Sandman/Venom/Dancing Peter Spider-Man 3
83%
Wakanada/Sokovia/Hulk Buster Fight Avengers: Age of Ultron
80%
Vers/Jude Law/Alien Cat Named Goose Captain Marvel
78%
Sabretooth/Senator Kelly/2000 X-Men
75%
Ghost/Goliath/Sonny Burch Ant-Man and the Wasp
63%
Time-Travel/Blink/Booboo Stewart X-Men: Days of Future Past
45%
Stryker/Iceman's Family/Lady Deathstrike X-2: X-Men United
35%
No matching quizzes found
Score Distribution
Percent of People with Each Score
Percentile by Number Answered
Your Score History
You have not taken this quiz